000 00945nam a22001937a 4500
999 _c62877
_d62877
003 Ge_BSU
005 20250314104846.0
008 250314s1963 ge ||||| |||| 00| 0 geo d
041 _ageo
080 _a616.13-004.6 მ-15
100 _aმათეშვილი, გიორგი
_924557
245 _aათეროსკლეროზი და მის წინააღმდეგ ბრძოლა /
_c გიორგი მათეშვილი; [რედ: ი. ჯავახიშვილი] ; საქ. სსრ მეცნ. აკად.
264 _aთბილისი :
_bსაქ. სსრ მეცნ. აკად. გამ-ბა,
_c1963.
300 _a49 გვ. ;
_b20 სმ.
490 _aმეცნიერულ-პოპულარული სერია
653 _aათეროსკლეროზი
653 _aმედიცინა
942 _2udc
_cᲬᲘᲒᲜᲘ